000 01132cam a22003131 4500
001 gs 56000017
003 DLC
005 20260227111403.0
008 721207s1955 xx 000 1 eng
010 _ags 56000017
035 _a(OCoLC)509779
040 _aDLC
_cOAkU
_dOCoLC
_dDLC
050 0 0 _aQE185
_b.A2 no. 278
051 _aQE654
_b.S3
082 _a551.72
100 1 _aSanford, B. V.
245 1 0 _aPalaeozoic geology of the Windsor-Sarnia area, Ontario,
_cby B.V. Sanford and W.B. Brady.
260 _aOttawa,
_bE. Cloutier, Queen's Printer,
_c1955.
300 _av, 65 p.
_b2 fold. col. maps, 4 fold. col diagrs., tables.
_c25 cm.
410 2 0 _aGeological Survey of Canada.
_tMemoir
_v278
500 _aPart of illustrative matter in pocket.
500 _aSupplement to Memoir 240, by John Fletcher Caley, 1946.
504 _aBibliography: p. 1-2.
650 0 _aGeology
_zOntario.
650 0 _aGeology, Stratigraphic
_yPaleozoic.
700 1 _aBrady, W. B.,
_ejoint author.
700 1 _aCaley, John Fletcher,
_d1905-
_tPalaeozoic geology of the Windsor-Sarnia area.
740 0 _aWindsor-Sarnia area, Ontario.
999 _c29013
_d29013